| 000 | 01093cam a22003015a 4500 | ||
|---|---|---|---|
| 001 | 13119252 | ||
| 003 | OSt | ||
| 005 | 20151206122136.0 | ||
| 008 | 030311t2003 nyua frbd 001 0 eng d | ||
| 020 | _a0816908966 | ||
| 020 | _a9780816908967 | ||
| 040 |
_aDLC _cDLC _dDLC _dEG-ScBUE _beng |
||
| 082 | 0 | 4 |
_a660.2804 _222 _bJON |
| 100 | 1 |
_aJohnson, Robert W. _q(Robert William), _d1955- |
|
| 245 | 1 | 0 |
_aEssential practices for managing chemical reactivity hazards / _cRobert W. Johnson, Steven W. Rudy, Stephen D. Unwin. |
| 246 | 3 | 0 | _aManaging chemical reactivity hazards |
| 260 |
_aNew York : _bCenter for Chemical Process Safety of the American Institute of Chemical Engineers, _cc.2003. |
||
| 300 |
_axiii, 193 p. : _bill. ; _c24 cm. + _e1 CD-ROM (4 3/4 in.) |
||
| 500 | _aIndex : p. 187-193. | ||
| 500 | _aGlossary : p. 139-147. | ||
| 504 | _aBibliography : p. 149-154. | ||
| 590 | _ashima | ||
| 650 | 7 |
_aChemical processes _xSafety measures. _2BUEsh _924637 |
|
| 653 |
_bENGCHE _cAugust2015 _cDecember2015 |
||
| 700 | 1 | _aRudy, Steven W. | |
| 700 | 1 | _aUnwin, Stephen D. | |
| 942 | _2ddc | ||
| 999 |
_c20707 _d20679 |
||